Vzdelávanie a kvalita života v nástupe informačnej spoločnosti

Kvalita spoločenského, hospodárskeho a politického života, zvýšenie kvality života občanov, a vytvorenie podmienok pre budovanie vedomostného hospodárstva s využívaním metód a prostriedkov informatiky.

Salvato in:
Dettagli Bibliografici
Autore principale: Švandová, Jana, 1985-
Natura: Capitolo di libro
Lingua:slovacco
Soggetti:
Tags: Aggiungi Tag
Nessun Tag, puoi essere il primo ad aggiungerne!!

MARC

LEADER 00000nla a2200000 4500
001 0180754
005 20240502073105.2
041 0 |a slo 
044 |a SK 
245 1 0 |a Vzdelávanie a kvalita života v nástupe informačnej spoločnosti  |c Jana Švandová 
520 |a Kvalita spoločenského, hospodárskeho a politického života, zvýšenie kvality života občanov, a vytvorenie podmienok pre budovanie vedomostného hospodárstva s využívaním metód a prostriedkov informatiky. 
610 2 0 |a spoločnosť informačná 
610 2 0 |a spoločnosť vedomostná 
610 2 0 |a technológie informačné 
610 2 0 |a technológie komunikačné 
610 2 0 |a vzdelávanie 
100 1 |a Švandová, Jana, 1985-